| 000 | 00858nam a2200205Ii 4500 | ||
|---|---|---|---|
| 003 | JO-AjNU | ||
| 008 | 230605s9999||||xx |||||||||||||| ||und|| | ||
| 040 |
_aJO-AjNU _bara _erda _cJO-AjNU |
||
| 041 | _aara | ||
| 050 | 1 | 4 | _aDS39.Q2472 2008 |
| 100 | 3 |
_aقلعجي، قدري, _eauthor _952857 |
|
| 245 | 0 | 0 | _aالثورة العربية الكبرى 1916-1925: جيل الفداء يوما بيوم مع كامل الأسماء والوثائق والأدوار |
| 250 | _aط4 | ||
| 264 | 3 | 1 | _aبيروت: شركة المطبوعات للتوزيع والنشر، 2008 |
| 300 |
_a525ص _bيشتمل على كشافات |
||
| 336 |
_atext _btxt _2rdacontent |
||
| 337 |
_aunmediated _bn _2rdamedia |
||
| 338 |
_avolume _bnc _2rdacarrier |
||
| 650 | 4 |
_aالبلاد العربية - تاريخ - الثورة العربية الكبرى - 1916-1925 _952858 |
|
| 999 |
_aA23439 _c27007 _d27007 |
||